| 000 | 01613cam a2200373 i 4500 | ||
|---|---|---|---|
| 001 | 25075 | ||
| 003 | Mx-PuUPA | ||
| 005 | 20250818102924.0 | ||
| 008 | 140415s2015 mx ad gr 001 0 spa d | ||
| 020 |
_a9786070270055 _qrústica |
||
| 020 |
_a9786070269875 _qcolección rústica |
||
| 040 |
_aMx-PuUPA _bspa _cMx-PuUPA _dMx-PuUPA _erda |
||
| 041 | 0 | _aspa | |
| 043 | _an-mx--- | ||
| 100 | 1 |
_aLuna Pla, Issa, _917343 _eautor |
|
| 245 | 1 | 3 |
_aLa otra brecha digital : _bla sociedad de la información y el conocimiento / _cIssa Luna Pla, Julio Vicente Juárez Gámiz |
| 246 | 1 | 3 |
_aLa otra brecha digital. La sociedad de la información y el conocimiento : _bencuesta nacional de Sociedad de la Información |
| 250 |
_aPrimera edición / _bagosto |
||
| 264 | 1 |
_aMéxico, D.F. : _bUniversidad Nacional Autónoma de México, _c2015 |
|
| 300 |
_a168 páginas : _bilustraciones, gráficas ; _c23 cm |
||
| 336 |
_2rdacontent _atexto _btxt |
||
| 337 |
_2rdamedia _asin medio _bn |
||
| 338 |
_2rdacarrier _avolumen _bnc |
||
| 490 | 0 |
_aLos mexicanos vistos por sí mismos. Los grandes temas nacionales ; _v18 |
|
| 650 | 7 |
_2armarc _aTecnologías de la información _xAspectos sociales _zMéxico |
|
| 650 | 7 |
_2armarc _aMedios de comunicación _xOpinión pública |
|
| 650 | 7 |
_2armarc _aSociedad de la información _zMéxico |
|
| 650 | 7 |
_2armarc _aEncuestas sociales _zMéxico |
|
| 700 | 1 |
_aJuárez Gamíz, Julio Vicente, _eautor |
|
| 942 |
_2ddc _cLI _h302.230972 _iL26 |
||
| 999 |
_c25075 _d25075 |
||